Obálka Náhled e-knihy:
Epub
Pro půjčování e-knih musíte být přihlášeni.
Jak si půjčit online?

Bratrstvo černé dýky. Dvacátý díl románového cyklu, Procitlý milenec /

Další pokračování eroticky laděné fantasy paranormální romance Bratrstvo černé dýky.

Uloženo v:
Série:Bratrstvo černé dýky, část 20
Hlavní autor: Ward, J. R., 1969- (Autor)
Další autoři: Pacnerová, Jana, 1955- (Autor)
Médium: E-kniha
Jazyk:Czech
Vydáno: Praha : Baronet, 2023
Vydání:Vydání první
Témata:
Příbuzné jednotky:Z cyklu:: Bratrstvo černé dýky
Tagy:
Žádné tagy
LEADER 02828nam a2200457 i 4500
001 311868
003 CZ PrSKC
005 20260601215713.0
007 ta
008 230309s2023 xr g 000 f cze
015 |a cnb003505366 
020 |a 9788026920342  |q (vázáno) 
035 |a (OCoLC)1375349003 
040 |a ABG001  |b cze  |e rda 
041 1 |a cze  |h eng 
072 7 |a 821.111(73)-3  |x Americká próza  |2 Konspekt 
080 |a 821.111(73)-31  |2 MRF 
080 |a (0:82-312.9)  |2 MRF 
100 1 |a Ward, J. R.,  |d 1969-  |7 xx0115311  |4 aut 
240 1 0 |a Lover arisen.  |l Česky 
245 1 0 |a Bratrstvo černé dýky.  |n Dvacátý díl románového cyklu,  |p Procitlý milenec /  |c J.R. Ward ; přeložila: Jana Pacnerová 
246 3 0 |a Procitlý milenec 
250 |a Vydání první 
264 1 |a Praha :  |b Baronet,  |c 2023 
300 |a 400 stran ;  |c 20 cm 
336 |a text  |b txt  |2 rdacontent 
337 |a bez média  |b n  |2 rdamedia 
338 |a svazek  |b nc  |2 rdacarrier 
500 |a Přeloženo z angličtiny 
520 2 |a Další pokračování eroticky laděné fantasy paranormální romance Bratrstvo černé dýky.  |b Balthazar posedlý démonem Devinou opět vyráží na lov Knihy kouzel - a bojuje s nepřekonatelnou přitažlivostí k ženě. Jako zloděj už ukradl spoustu věcí... ale nikdy ho nenapadlo, že jemu samotnému někdo ukradne srdce. Zvlášť když dotyčný je člověk. Erika Saundersová jako detektiv z oddělení vražd pochopí, že v Caldwellu se děje něco nadpřirozeného. Seznam případů má plný znetvořených mrtvol, které se nedají nijak vysvětlit - a pak jsou tu zlé sny, v nichž ji pronásledují stíny a uchvacuje ji záhadný muž, jenž je současně podezřelý i zachránce. Když se Devině konečně splní přání opravdové lásky, Balthazar a Erika se nevědomky stanou vstupní branou pro znovuzrození starého nepřítele Bratrů. Povede to, co je svedlo dohromady, k naprosté zkáze Bratrstva? Nebo budou muset všechno ztratit, aby zachránili nejposvátnější obránce své rasy? Nakladatelská anotace. 
655 7 |a americké romány  |7 fd131796  |2 czenas 
655 7 |a fantasy romány  |7 fd184199  |2 czenas 
655 9 |a American fiction  |2 eczenas 
655 9 |a fantasy novels  |2 eczenas 
700 1 |a Pacnerová, Jana,  |d 1955-  |7 jn20000810168  |4 trl 
787 0 8 |i Z cyklu:  |t Bratrstvo černé dýky  |g 20 
900 |a ABA001  |b 21 
044 |a xr 
910 |a RBIT002 
998 |d 370114  |a https://core.palmknihy.cz/api/books/370114/cover?sgwed8  |b https://core.palmknihy.cz/api/books/370114/cover/400?sgwed8  |c https://core.palmknihy.cz/api/books/370114/cover/50?sgwed8  |e 2027-04-14  |g 400  |i 9788026920342  |j https://core.palmknihy.cz/api/books/370114/preview.epub  |l   |q 49  |r 1  |s https://www.palmknihy.cz/kniha/370114  |t ebook  |y 2023  |z 0  |v Bratrstvo černé dýky  |w 20 
999 |d 311866